书目信息 |
| 题名: |
视读相对论
|
|
| 作者: | 巴西特 , 埃德尼 著 ;李芬 译 | |
| 分册: | ||
| 出版信息: | 合肥 安徽文艺出版社 2007.01 |
|
| 页数: | 178页 | |
| 开本: | 21cm | |
| 丛书名: | 介绍丛书 | |
| 单 册: | ||
| 中图分类: | O415-49 | |
| 科图分类: | ||
| 主题词: | 视读相对论--shi du xiang dui lun--普及读物 | |
| 电子资源: | ||
| ISBN: | 978-7-5396-2874-5 | |
| 000 | 01307nam 2200301 450 | |
| 001 | 012008298408 | |
| 005 | 20080617174114.01 | |
| 010 | @a978-7-5396-2874-5@dCNY16.80 | |
| 100 | @a20080617d2007 em y0chiy0120 ea | |
| 101 | 1 | @achi@ceng |
| 102 | @aCN@b340000 | |
| 105 | @aa z 000yy | |
| 106 | @ar | |
| 200 | 1 | @a视读相对论@Ashi du xiang dui lun@d= Relativity@f(英) 布鲁斯·贝塞特, 拉尔夫·埃德尼著@F(ying)bu lu si·bei sai te,la er fu·ai de ni zhu@g李芬译@Gli fen yi@zeng |
| 210 | @a合肥@c安徽文艺出版社@d2007.01 | |
| 215 | @a178页@c图@d21cm | |
| 225 | 2 | @a介绍丛书@Ajie shao cong shu |
| 314 | @a责任者Bassett规范汉译姓 : 巴西特 | |
| 330 | @a本书形象易懂地描绘了爱因斯坦的思维历程。他的思维历程为现代物理学奠定了基础。从牛顿到霍金,很多科学家都为物理学的发展做出了独特的贡献。 我们的相对论之旅是从光速开始的,进而探索时空和曲率空间。在这个旅途中,我们目睹了爱因斯坦惊人地将引力想象成时空曲率,井最终见到了异常美丽的爱因斯坦场方程。 | |
| 410 | 0 | @12001 @a介绍丛书 |
| 500 | 10 | @aRelativity@mChinese |
| 606 | 0 | @a视读相对论@Ashi du xiang dui lun@j普及读物 |
| 690 | @aO415-49@v4 | |
| 701 | 1 | @a巴西特@Aba xi te@g(Bassett, Bruce)@4著 |
| 701 | 1 | @a埃德尼@Aai de ni@g(Edney, Ralph)@4著 |
| 702 | 0 | @a李芬@Ali fen@4译 |
| 801 | 0 | @aCN@bQSSK@c20080617 |
| 905 | @b728111-13@dO415-49@eB076@f3 | |
| 视读相对论= Relativity/(英) 布鲁斯·贝塞特, 拉尔夫·埃德尼著/李芬译.-合肥:安徽文艺出版社,2007.01 |
| 178页:图;21cm.-(介绍丛书) |
| ISBN 978-7-5396-2874-5:CNY16.80 |
| 本书形象易懂地描绘了爱因斯坦的思维历程。他的思维历程为现代物理学奠定了基础。从牛顿到霍金,很多科学家都为物理学的发展做出了独特的贡献。 我们的相对论之旅是从光速开始的,进而探索时空和曲率空间。在这个旅途中,我们目睹了爱因斯坦惊人地将引力想象成时空曲率,井最终见到了异常美丽的爱因斯坦场方程。 |
| ● |
| 相关链接 |
|
|
|
正题名:视读相对论
索取号:O415-49/B076
 
预约/预借
| 序号 | 登录号 | 条形码 | 馆藏地/架位号 | 状态 | 备注 |
| 1 | 728111 | 207281118 | 自科库401/401自科库 87排2列4层/ [索取号:O415-49/B076] | 在馆 | |
| 2 | 728112 | 207281127 | 自科库401/401自科库 87排2列4层/ [索取号:O415-49/B076] | 在馆 | |
| 3 | 728113 | 207281136 | 自科库401/401自科库 87排2列4层/ [索取号:O415-49/B076] | 在馆 |